A madarak csodavilágából
Elmentve itt :
| Dokumentumtípus: | Cikk |
|---|---|
| Megjelent: |
1946
|
| Sorozat: | Irodalom, tudomány : a Magyar-Szovjet Művelődési Társaság folyóirata
1 No. 6 |
| Kulcsszavak: | Madártan tanulmány, Ornitológia tanulmány |
| Online Access: | http://misc.bibl.u-szeged.hu/3723 |
| LEADER | 00568nab a2200157 i 4500 | ||
|---|---|---|---|
| 001 | misc3723 | ||
| 005 | 20191106141839.0 | ||
| 008 | 170607s1946 hu o 0|| hun d | ||
| 040 | |a SZTE Miscellanea Repozitórium |b hun | ||
| 041 | |a hun | ||
| 245 | 0 | 2 | |a A madarak csodavilágából |h [elektronikus dokumentum] |
| 260 | |c 1946 | ||
| 300 | |a 116 | ||
| 490 | 0 | |a Irodalom, tudomány : a Magyar-Szovjet Művelődési Társaság folyóirata |v 1 No. 6 | |
| 695 | |a Madártan tanulmány, Ornitológia tanulmány | ||
| 856 | 4 | 0 | |u http://misc.bibl.u-szeged.hu/3723/1/irtud_006_116.pdf |z Dokumentum-elérés |